Races in LOTR - Statistics

General Stats
  • This quiz has been taken 72 times
  • The average score is 6 of 7
Answer Stats
Answer % Correct
Men
95%
Elves
89%
Orcs
88%
Hobbits
86%
Dwarves
83%
Ents
63%
Trolls
55%
No matching quizzes found
Score Distribution
Percent of People with Each Score
Percentile by Number Answered
Your Score History
You have not taken this quiz